000 00739nam a2200289Ia 4500
005 20260324133426.0
008 008 260324s9999 xx 000 0 eng d
020 _a9781410607522
037 _aEBOOK
040 _aCRL
040 _beng
040 _cCRL
041 _2eng
041 _aeng
084 _qCRL
100 _aJanet C. Richards; Michael C. McKenna
_91193051
245 0 _aIntegrating Multiple Literacies in K-8 Classrooms
245 0 _bCases, Commentaries, and Practical Applications
260 _bTaylor and Francis
260 _c2003
365 _a
365 _b290
856 _uhttp://www.taylorfrancis.com/books/9781410607522
942 _cEBOOK
999 _c1792060
_d1792060